Design and testing of electrical machines (Record no. 23295)

000 -LEADER
fixed length control field 00477nam a22001817a 4500
001 - CONTROL NUMBER
control field 23295
003 - CONTROL NUMBER IDENTIFIER
control field BD-DhUET
008 - FIXED-LENGTH DATA ELEMENTS--GENERAL INFORMATION
fixed length control field 150503b xxu||||| |||| 00| 0 eng d
040 ## - CATALOGING SOURCE
Original cataloging agency DLC
Transcribing agency DLC
Modifying agency BD-DhUET
082 ## - DEWEY DECIMAL CLASSIFICATION NUMBER
Classification number 623.13072
Item number DES/1983
100 ## - MAIN ENTRY--PERSONAL NAME
Personal name Deshpande, M. V.
245 ## - TITLE STATEMENT
Title Design and testing of electrical machines
250 ## - EDITION STATEMENT
Edition statement 1st ed.
260 ## - PUBLICATION, DISTRIBUTION, ETC. (IMPRINT)
Place of publication, distribution, etc. Allahabad
Name of publisher, distributor, etc. Wheeler
Date of publication, distribution, etc. 1983
300 ## - PHYSICAL DESCRIPTION
Extent xvi, 516 p.
Other physical details ill.
650 #0 - SUBJECT ADDED ENTRY--TOPICAL TERM
Topical term or geographic name as entry element Electrical machinery experiments
942 ## - ADDED ENTRY ELEMENTS (KOHA)
Koha item type General Book
Holdings
Shelving location Koha item type Date acquired Damaged status Sublocation or collection (holding branch) Source of classification or shelving scheme Koha full call number Piece designation (barcode) Lost status Koha normalized classification for sorting Not for loan Location (home branch) Price effective from Copy number Koha date last seen Withdrawn status
Circulation sectionGeneral Book2015-05-03 Central Library, BUET 623.13072/DES/198372434 623_130720000000000_DES_1983 Central Library, BUET2015-05-0312015-05-03 
Circulation sectionGeneral Book2015-05-03 Central Library, BUET 623.13072/DES/198372432 623_130720000000000_DES_1983 Central Library, BUET2015-05-0322015-05-03 
Circulation sectionGeneral Book2015-05-03 Central Library, BUET 623.13072/DES/198372431 623_130720000000000_DES_1983 Central Library, BUET2015-05-0332016-04-11 
Circulation sectionGeneral Book2015-05-03 Central Library, BUET 623.13072/DES/198372433 623_130720000000000_DES_1983 Central Library, BUET2015-05-0342015-05-03 
Reading sectionReading Item2015-06-28 Central Library, BUET 623.13072/DES/198372435 623_130720000000000_DES_1983 Central Library, BUET2015-06-2852015-06-28 
Reading sectionReading Item2015-06-28 Central Library, BUET 623.13072/DES/198372683 623_130720000000000_DES_1983 Central Library, BUET2015-06-2862015-06-28